| 000 | 00342 a2200133 4500 | ||
|---|---|---|---|
| 001 | 63741 | ||
| 040 | _cAnchieta - Pituba | ||
| 100 | _aSILVA, Solana Felipe da | ||
| 240 | 1 | 0 |
_a1ª Avaliação de Geografia, I Unidade _lpor |
| 245 | 1 | 0 | _a1ª Avaliação de Geografia, I Unidade |
| 362 | 0 | _a2017 | |
| 650 | 4 | _aGeografia e História | |
| 942 | _cBK | ||
| 999 |
_c63741 _d63741 |
||